BIBLIOTHÈQUE DE LA MAISON DU MEXIQUE

Logo 1 Logo 2

Manual de bioespeleología (notice nᵒ 2006)

détails MARC
000 -Sello discográfico
campo de control de longitud fija 01103nam a2200301 4500
005 - Identificación de versión
campo de control 20251016083203.0
010 ## - Número Estándar Internacional de Libros (ISBN)
Número (ISBN) 968-837-406-7
035 ## - Otros números de control del sistema
Número de control del sistema 22367
099 ## - fechas locales
Tipo de ítem Koha LIBRO
100 ## - Datos de procesamiento general
Datos de procesamiento general 19970819d1986 m y1spay5003 ba
105 ## - Campo de datos codificados: Material textual, monográfico
Datos codificados de monografía a 001zy
200 1# - Título y mención de responsabilidad
Título propio Manual de bioespeleología
Designación general del material texto impreso
Otra información del título con nuevas aportaciones de Morelos y Guerrero, México
Primer mención de responsabilidad A. Hoffmann, J.G. Palacios Vargas, J.B. Morales Malacara
Declaración de responsabilidad subsiguiente prólogo Carlos Lazcano Sahagún
205 ## - Declaración de edición
Declaración de edición 1a ed
210 ## - Publicación, distribución, etc.
Lugar de publicación, distribución, etc. México
Nombre del editor, distribuidor, etc. Universidad Nacional Autónoma de México, Facultad de Ciencias
Fecha de publicación, distribución, etc. 1986
215 ## - Descripción física
Designación de material específico y extensión del ítem 274 p
Otras características físicas il.
Dimensiones 28 cm
300 ## - Notas generales
Texto de la nota Incluye índice alfabético general de términos
345 ## - Nota de información de adquisición
Fuente de adquisición/dirección de la suscripción [OBSOLETO] Donación José Guadalupe Palacios Vargas
606 ## - Término temático usado como materia
Elemento de entrada Espeleología
Subdivisión temática Manuales
Subdivisión geográfica México
Número Koha 4915
660 ## - Código de área geográfica
Código MX
700 ## - Nombre personal - Responsabilidad primaria
Elemento de entrada Hoffmann Mendizábal
Parte del nombre distinta del elemento de entrada Ana Esther
Fechas 1919-2007
Número Koha 4916
701 ## - Nombre personal - Responsabilidad alternativa
Elemento de entrada Morales Malacara
Parte del nombre distinta del elemento de entrada Juan Bibiano
Número Koha 4917
701 ## - Nombre personal - Responsabilidad alternativa
Elemento de entrada Palacios Vargas
Parte del nombre distinta del elemento de entrada José Guadalupe
Número Koha 4918
702 ## - Nombre personal - Responsabilidad secundaria
Elemento de entrada Lazcano Sahagún
Parte del nombre distinta del elemento de entrada Carlos
Número Koha 4919
801 #0 - Fuente de origen
Agencia cm
942 ## - ELEMENTOS DE ENTRADA SECUNDARIOS (KOHA)
Tipo de ítem Koha Livre
Exemplaires
Estatus retirado Estado de daño Estado de pérdida Fuente de la clasificación o esquema de estantería Fecha de adquisición Biblioteca de origen Biblioteca actual Código de barras Precio de reemplazo Signatura topográfica completa No para préstamo Tipo de ítem Koha Nota no pública
      Clasificación Decimal Dewey 23/09/2025 Casa México Paris Casa México Paris 011455 23/09/2025 551.44 H711m   Livre 751145101